Účetnictví zásob a zúčtovacích vztahů vyplývajících z hospodářského styku politických stran, hnutí, občanských sdružení a jiných nevýdělečných organizací.
Vymedzenie zásob. Charakteristika materiálových zásob, predmetov postupnej spotreby v používaní, tovaru a zvierat. Zúčtovacie vzťahy z hospodárskeho styku. Oceňovanie materiálnych zásob. Druhy zúčtovacích vzťahov. Príklady účtovania materiálnych zásob a zúčtovacích vzťahov.
Salvato in:
| Autore principale: | |
|---|---|
| Altri autori: | |
| Natura: | Capitolo di libro |
| Lingua: | ceco |
| Soggetti: | |
| Tags: |
Nessun Tag, puoi essere il primo ad aggiungerne!!
|
MARC
| LEADER | 00000naa a2200000 4500 | ||
|---|---|---|---|
| 001 | r005136 | ||
| 005 | 20221125081508.9 | ||
| 041 | 0 | |a cze | |
| 044 | |a [CS] | ||
| 245 | 1 | 0 | |a Účetnictví zásob a zúčtovacích vztahů vyplývajících z hospodářského styku politických stran, hnutí, občanských sdružení a jiných nevýdělečných organizací. |c J. Lehkoživ, V. Tuček |
| 520 | |a Vymedzenie zásob. Charakteristika materiálových zásob, predmetov postupnej spotreby v používaní, tovaru a zvierat. Zúčtovacie vzťahy z hospodárskeho styku. Oceňovanie materiálnych zásob. Druhy zúčtovacích vzťahov. Príklady účtovania materiálnych zásob a zúčtovacích vzťahov. | ||
| 610 | 2 | 0 | |a účtovníctvo |
| 610 | 2 | 0 | |a zásoby materiálu |
| 610 | 2 | 0 | |a vzťahy zúčtovacie |
| 610 | 2 | 0 | |a zúčtovanie |
| 610 | 2 | 0 | |a strany politické |
| 610 | 2 | 0 | |a hnutie politické |
| 610 | 2 | 0 | |a združenia |
| 100 | 1 | |a Lehkoživ, J. | |
| 700 | 1 | |a Tuček, V. | |